Local government reforms in Tanzania /

Saved in:
书目详细资料
主要作者: Warioba, Moses D.
其他作者: Warioba, Letisia Moses
格式: 图书
主题:
标签: 添加标签
没有标签, 成为第一个标记此记录!

MARC

LEADER 00000cam a22000005i 4500
005 20260416055925.0
020 |a 9789987140206  |c TZS 10,000/= 
040 |a MCCL  |b eng.  |e AACR 2nd rev. ed. 
082 |a 352.09678 WAR 
100 1 |a Warioba, Moses D. 
245 1 0 |a Local government reforms in Tanzania /  |c Moses D. Warioba and Letisia Warioba. 
300 |a xviii, 150p.:  |b illustrations (some color) ;  |c 21 cm 
504 |a Includes bibliographical references (pages 131-150). 
546 |a eng. 
650 0 |a Local government  |z Tanzania. 
700 1 |a Warioba, Letisia Moses. 
942 |c BK 
999 |c 12660  |d 12660